000 01307nam a22003017a 4500
005 20240530110448.0
008 150502s2012 ua g b 000 0 ara d
017 _a20886
_bمصر . دار الكتب المصرية
020 _a9789774950056
040 _aEG-CaGPL
082 0 4 _221
_a953.04\
_bب د
100 0 _aبدر عبدالرحمن محمد.
245 1 2 _aالدولة العباسية :
_bدراسة فى سياستها الداخلية من اوائل القرن الثانى الهجرى حتى ظهور السلاجقة /
_cبدر عبدالرحمن محمد.
250 _aط1.
260 _aالقاهرة :
_bدار العالم العربى ،
_c2012.
300 _a271 ص ؛
_c24 سم.
490 0 _aصفحات جديدة من التاريخ الاسلامى .
504 _aيشتمل على ارجاعات ببليوجرافية
650 0 4 _aالدولة العباسية
650 0 4 _aحركة الزنج
650 0 4 _aالدولة الطاهرية
650 0 4 _aالبرامكة
650 0 4 _aالدولة العباسية
_xالسياسة الخارجية
650 0 4 _aالدولة العباسية
_xتاسيس
651 0 4 _aالعالم العربى
_xتاريخ
_yالعصر العباسى
942 _2ddc
_cBK
999 _c61199
_d61199